000 00277nam a2200109Ia 4500
001 1272316
005 20260417151426.0
008 260417s9999 xx 000 0 und d
020 _a9786257303446
245 0 _aMasal Krallığı - Sina
_cDidem Demirel
260 _bKetebe Çocuk
999 _c1272316
_d1272316